[Event "SRB-chT2"]
[Site "Golubac"]
[Date "2008.09.20"]
[Round "1"]
[White "Tosic, Nebojsa"]
[Black "Nikolic, Zivoslav"]
[Result "0-1"]
[WhiteElo "2210"]
[BlackElo "2413"]
[PlyCount "72"]
[EventDate "2008.09.20"]
[EventType "team-tourn"]
[EventRounds "11"]
[EventCountry "YUG"]
[SourceTitle "EXT 2010"]
[Source "ChessBase"]
[SourceDate "2010.11.25"]
[SourceVersion "1"]
[SourceVersionDate "2010.11.25"]
[SourceQuality "1"]

1. e4 e6 2. Nf3 d5 3. e5 c5 4. b4 cxb4 5. d4 Nc6 6. Bd3 h6 7. 0-0 Bd7 8. Re1 Nge7 9. Nbd2 Nc8 10. Nf1 Nb6 11. Ng3 Na5 12. Nh5 Nac4 13. g3 Qc7 14. Nh4 0-0-0 15. Ng2 Na4 16. Qg4 g6 17. Nf6 Qc6 18. Ne3 b5 19. Qf3 Nab6 20. h4 h5 21. Bf1 Kb8 22. Bg2 Rc8 23. Nxc4 Nxc4 24. Bf4 Nb6 25. Rac1 Rc7 26. Bd2 Nc4 27. Bf4 Bc8 28. c3 Bb7 29. Nxd5 Qxd5 30. Qxd5 Bxd5 31. Bxd5 exd5 32. e6 Bd6 33. exf7 Rxf7 34. Bxd6+ Nxd6 35. Re6 Ne4 36. cxb4 Rc8 0-1

[Event "SRB-chT 1st League"]
[Site "Vrnjacka Banja"]
[Date "2006.10.14"]
[Round "6.3"]
[White "Nikolic, Zivoslav"]
[Black "Cabarkapa, Miomir"]
[Result "1-0"]
[WhiteElo "2426"]
[BlackElo "2214"]
[PlyCount "75"]
[EventDate "2006.09.09"]
[EventType "team"]
[EventRounds "11"]
[EventCountry "SRB"]
[SourceTitle "EXT 2012"]
[Source "ChessBase"]
[SourceDate "2011.11.24"]
[SourceVersion "1"]
[SourceVersionDate "2011.11.24"]
[SourceQuality "1"]
[WhiteTeam "Smederevo"]
[BlackTeam "Ljig Spartak"]
[WhiteTeamCountry "SRB"]
[BlackTeamCountry "SRB"]

1. Nf3 Nf6 2. g3 b6 3. Bg2 Bb7 4. 0-0 g6 5. d4 Bg7 6. c4 0-0 7. d5 d6 8. Nc3 c6 9. Nd4 cxd5 10. cxd5 Qd7 11. h3 Re8 12. e4 Na6 13. Bg5 Nc7 14. Qd2 Rac8 15. Rac1 e5 16. Nde2 Ba6 17. Rfe1 Nb5 18. Nxb5 Qxb5 19. Nc3 Qd7 20. Kh2 Rc7 21. Rc2 Rb8 22. Rec1 Rbc8 23. Bf3 h5 24. Be3 Re8 25. Be2 Bxe2 26. Qxe2 Rec8 27. a4 Bf8 28. f3 Be7 29. Nb5 Rxc2 30. Rxc2 a6 31. Rxc8+ Qxc8 32. Na7 Qb7 33. Nc6 Bf8 34. b4 Nd7 35. g4 hxg4 36. hxg4 b5 37. axb5 axb5 38. Na7 1-0

[Event "SRB-chT 1st League"]
[Site "Vrnjacka Banja"]
[Date "2006.10.07"]
[Round "5.4"]
[White "Tosic, Miroslav"]
[Black "Nikolic, Zivoslav"]
[Result "1/2-1/2"]
[WhiteElo "2442"]
[BlackElo "2426"]
[PlyCount "23"]
[EventDate "2006.09.09"]
[EventType "team"]
[EventRounds "11"]
[EventCountry "SRB"]
[SourceTitle "EXT 2012"]
[Source "ChessBase"]
[SourceDate "2011.11.24"]
[SourceVersion "1"]
[SourceVersionDate "2011.11.24"]
[SourceQuality "1"]
[WhiteTeam "Nis"]
[BlackTeam "Smederevo"]
[WhiteTeamCountry "SRB"]
[BlackTeamCountry "SRB"]

1. e4 e6 2. d4 d5 3. Nd2 Nf6 4. e5 Nfd7 5. Bd3 c5 6. c3 b6 7. Ne2 Ba6 8. Nf3 Bxd3 9. Qxd3 Be7 10. 0-0 Nc6 11. Bf4 c4 12. Qc2 1/2-1/2

[Event "YUG-chT"]
[Site "Vrnjacka Banja"]
[Date "1998.??.??"]
[Round "2"]
[White "Laketic, Gojko"]
[Black "Nikolic, Zivoslav"]
[Result "1-0"]
[WhiteElo "2405"]
[BlackElo "2445"]
[PlyCount "43"]
[EventDate "1998.08.??"]
[EventType "team"]
[EventRounds "11"]
[EventCountry "YUG"]
[SourceTitle "EXT 2002"]
[Source "ChessBase"]
[SourceDate "2001.11.25"]
[SourceVersion "1"]
[SourceVersionDate "2001.11.25"]
[SourceQuality "1"]

1. d4 d6 2. e4 e5 3. Nf3 exd4 4. Nxd4 Nf6 5. Nc3 Be7 6. Bf4 0-0 7. Qd2 Re8 8. 0-0-0 Bf8 9. f3 a6 10. g4 b5 11. g5 Nfd7 12. Nf5 Nc6 13. h4 Nce5 14. Qg2 Nb6 15. h5 Bxf5 16. exf5 Qd7 17. Qg3 Qc6 18. g6 Nbd7 19. Nd5 h6 20. f6 Nxf6 21. Nxf6+ gxf6 22. Rg1 1-0

[Event "YUG Cup"]
[Site "Ulcinj"]
[Date "1997.??.??"]
[Round "?"]
[White "Kojovic, Dragan"]
[Black "Nikolic, Zivoslav"]
[Result "0-1"]
[WhiteElo "2275"]
[BlackElo "2440"]
[PlyCount "56"]
[EventDate "1997.??.??"]
[EventType "team"]
[EventRounds "7"]
[EventCountry "YUG"]
[SourceTitle "EXT 1999"]
[Source "ChessBase"]
[SourceDate "1998.11.16"]
[SourceVersion "1"]
[SourceVersionDate "1998.11.16"]
[SourceQuality "1"]

1. d4 Nf6 2. c4 d6 3. Nc3 e5 4. d5 Bf5 5. Nf3 h6 6. g3 Be7 7. Bg2 0-0 8. Nh4 Bd7 9. e4 c6 10. 0-0 cxd5 11. cxd5 a5 12. a4 Na6 13. h3 Nc5 14. Be3 Nfxe4 15. Nxe4 Nxe4 16. Bxe4 Bxh4 17. gxh4 f5 18. Bg2 f4 19. Bd2 Qxh4 20. Ra3 Rf6 21. Be1 Rg6 22. Kh2 Rf8 23. Rg1 Rf5 24. f3 Rg3 25. Bf1 Rfg5 26. Rxg3 fxg3+ 27. Kg1 Bxh3 28. Bd3 Bg2 0-1

[Event "YUG Cup"]
[Site "Ulcinj"]
[Date "1997.??.??"]
[Round "?"]
[White "Nikolic, Zivoslav"]
[Black "Damjanovic, Vladimir"]
[Result "1-0"]
[WhiteElo "2440"]
[BlackElo "2425"]
[PlyCount "96"]
[EventDate "1997.??.??"]
[EventType "team"]
[EventRounds "7"]
[EventCountry "YUG"]
[SourceTitle "EXT 1999"]
[Source "ChessBase"]
[SourceDate "1998.11.16"]
[SourceVersion "1"]
[SourceVersionDate "1998.11.16"]
[SourceQuality "1"]

1. e4 e5 2. Nf3 Nc6 3. Bb5 a6 4. Bxc6 dxc6 5. 0-0 Bg4 6. h3 h5 7. d3 Qf6 8. Nbd2 Bc5 9. Nc4 Bxf3 10. Qxf3 Qxf3 11. gxf3 f6 12. f4 exf4 13. Bxf4 0-0-0 14. Be3 Bxe3 15. Nxe3 Ne7 16. f4 g6 17. Kh2 Rhe8 18. Rae1 Rd4 19. Rf2 b6 20. h4 f5 21. e5 Kd7 22. Rg1 Rg8 23. Kg3 Nd5 24. Ng2 c5 25. Rf3 c4 26. dxc4 Rxc4 27. Rd1 Ke6 28. Rxd5 Kxd5 29. Ne3+ Kc5 30. Nxc4 Kxc4 31. Rc3+ Kd4 32. Rxc7 Ke3 33. Rc3+ Ke4 34. Rc4+ Ke3 35. Rc6 g5 36. Rc3+ Ke4 37. fxg5 Rg6 38. Rf3 Rc6 39. Rf2 f4+ 40. Rxf4+ Kxe5 41. Rf2 Ke4 42. Rf4+ Ke5 43. c3 b5 44. Kf3 a5 45. Ke3 b4 46. cxb4 Rc2 47. bxa5 Rxb2 48. Ra4 Rb7 1-0

[Event "YUG-chT"]
[Site "Niksic"]
[Date "1997.??.??"]
[Round "3"]
[White "Nikolic, Zivoslav"]
[Black "Mackic, Zoran"]
[Result "1/2-1/2"]
[WhiteElo "2440"]
[BlackElo "2430"]
[PlyCount "27"]
[EventDate "1997.08.27"]
[EventType "team"]
[EventRounds "11"]
[EventCountry "YUG"]
[SourceTitle "CBM 059 Extra"]
[Source "ChessBase"]
[SourceDate "1997.09.26"]
[SourceVersion "1"]
[SourceVersionDate "1997.09.26"]
[SourceQuality "1"]

1. Nf3 e6 2. g3 b5 3. Bg2 Bb7 4. 0-0 Nf6 5. d3 d6 6. e4 Nbd7 7. Nbd2 c5 8. Re1 Qc7 9. Nf1 Be7 10. h3 0-0 11. g4 Kh8 12. Ng3 Rac8 13. Ng5 d5 14. exd5 1/2-1/2

[Event "YUG-chT"]
[Site "Niksic"]
[Date "1997.??.??"]
[Round "5"]
[White "Pikula, Dejan"]
[Black "Nikolic, Zivoslav"]
[Result "0-1"]
[WhiteElo "2465"]
[BlackElo "2440"]
[PlyCount "120"]
[EventDate "1997.08.27"]
[EventType "team"]
[EventRounds "11"]
[EventCountry "YUG"]
[SourceTitle "CBM 059 Extra"]
[Source "ChessBase"]
[SourceDate "1997.09.26"]
[SourceVersion "1"]
[SourceVersionDate "1997.09.26"]
[SourceQuality "1"]

1. e4 e6 2. d4 d5 3. Nc3 Nc6 4. e5 b6 5. Nf3 Bb7 6. Bb5 a6 7. Ba4 b5 8. Bb3 Na5 9. Ne2 c5 10. c3 Nxb3 11. axb3 c4 12. b4 a5 13. bxa5 Rxa5 14. Bg5 Rxa1 15. Qxa1 Qa8 16. Qxa8+ Bxa8 17. Kd2 Kd7 18. Ra1 Bb7 19. Ra7 Kc6 20. Bd8 h6 21. Nf4 Ne7 22. Nh5 Nc8 23. Ra1 Nb6 24. Ne1 Na4 25. Kc2 Bc8 26. Ba5 Bd7 27. Bb4 Bxb4 28. cxb4 Rg8 29. Ra3 f5 30. Rg3 g5 31. f4 Be8 32. Nf6 Rh8 33. fxg5 f4 34. Rh3 Bg6+ 35. Kc1 h5 36. Nc2 Nb6 37. Rh4 Nc8 38. Rxf4 Ne7 39. Rh4 Nf5 40. Rh3 Ne7 41. g4 h4 42. Ra3 Kb7 43. Ra5 Nc6 44. Rxb5+ Ka6 45. Rc5 Kb7 46. b5 Na5 47. Na1 Rd8 48. Kd2 Kb6 49. Kc3 h3 50. Kb4 Ra8 51. b3 Kb7 52. Kc3 Nxb3 53. Nxb3 Ra3 54. Rxc4 dxc4 55. Kxc4 Ra2 56. Nc5+ Ka8 57. b6 Rxh2 58. b7+ Ka7 59. Kb3 Rh1 60. Kb2 h2 0-1

[Event "EU-Cup 12th Group7"]
[Site "Bratislava"]
[Date "1996.09.06"]
[Round "1"]
[White "Nikolic, Zivoslav"]
[Black "Banas, Jan"]
[Result "1/2-1/2"]
[WhiteElo "2450"]
[BlackElo "2390"]
[PlyCount "63"]
[EventDate "1996.09.06"]
[EventType "team-k.o."]
[EventRounds "3"]
[EventCountry "SVK"]
[SourceTitle "EXT 2020"]
[Source "ChessBase"]
[SourceDate "2019.10.17"]
[SourceVersion "1"]
[SourceVersionDate "2019.10.17"]
[SourceQuality "1"]
[WhiteTeam "Belgrade Partizan"]
[BlackTeam "Bratislava Slovan"]
[WhiteTeamCountry "YUG"]
[BlackTeamCountry "SVK"]

1. d4 Nf6 2. Nf3 g6 3. Bf4 Bg7 4. e3 0-0 5. Be2 c5 6. c3 b6 7. 0-0 Bb7 8. Nbd2 d6 9. h3 Nbd7 10. a4 a6 11. Bh2 Qc7 12. Qb1 Bc6 13. Rc1 Qb7 14. b4 Ne4 15. Nxe4 Bxe4 16. Bd3 Bxd3 17. Qxd3 cxb4 18. cxb4 b5 19. axb5 axb5 20. Ra5 Rxa5 21. bxa5 Ra8 22. Qa3 Nb6 23. Nd2 Nc4 24. Nxc4 bxc4 25. Rxc4 Rxa5 26. Qc1 Bf6 27. Bf4 h5 28. Qd1 e5 29. dxe5 dxe5 30. Bg3 Qa6 31. Rc1 Ra2 32. Qf1 1/2-1/2

[Event "YUG-ch"]
[Site "Novi Sad"]
[Date "1995.??.??"]
[Round "?"]
[White "Barlov, Dragan"]
[Black "Nikolic, Zivoslav"]
[Result "0-1"]
[WhiteElo "2485"]
[BlackElo "2480"]
[PlyCount "122"]
[EventDate "1995.02.??"]
[EventType "tourn"]
[EventRounds "17"]
[EventCountry "YUG"]
[EventCategory "10"]
[SourceTitle "CBM 049"]
[Source "ChessBase"]
[SourceDate "1995.12.01"]
[SourceVersion "1"]
[SourceVersionDate "1995.12.01"]
[SourceQuality "1"]

1. e4 Nc6 2. Nf3 e6 3. d4 d5 4. Nbd2 Nf6 5. e5 Nd7 6. c3 Ne7 7. Bd3 c5 8. Ng5 h6 9. Ngf3 Nc6 10. 0-0 cxd4 11. cxd4 Qb6 12. Nb3 a5 13. a4 Ndb8 14. Be3 Na6 15. Nfd2 Bd7 16. Nb1 Ncb4 17. Be2 Be7 18. Nc3 0-0 19. Qd2 f5 20. exf6 Bxf6 21. Bb5 Be8 22. Bxe8 Rfxe8 23. Rfc1 Rac8 24. Nb5 Rc6 25. f4 Be7 26. Rc3 Rec8 27. Qe2 Bf6 28. Bf2 Re8 29. Rxc6 Nxc6 30. Re1 Re7 31. g3 Nc7 32. Nxc7 Qxb3 33. Qb5 Nxd4 34. Qxb3 Nxb3 35. Nxe6 Nd2 36. Kg2 Bxb2 37. f5 Ne4 38. Rb1 Ba3 39. Bd4 Bb4 40. Rc1 Nd6 41. g4 Nc4 42. Kh3 Bd2 43. Rb1 Be3 44. Bxe3 Nxe3 45. Kg3 Nc4 46. Rb5 Rd7 47. Nc5 Re7 48. Ne6 Rd7 49. Rc5 Nb6 50. Kf2 d4 51. Ke1 d3 52. Kd2 Nxa4 53. Rxa5 Nb2 54. Rc5 b5 55. Rc8+ Kf7 56. Rc7 Nc4+ 57. Kc3 Rxc7 58. Nxc7 d2 59. Kc2 b4 60. Nd5 b3+ 61. Kd1 b2 0-1

[Event "YUG-chT"]
[Site "Tivat"]
[Date "1995.??.??"]
[Round "2"]
[White "Knezevic, Bojan"]
[Black "Nikolic, Zivoslav"]
[Result "1/2-1/2"]
[WhiteElo "2340"]
[BlackElo "2465"]
[PlyCount "30"]
[EventDate "1995.??.??"]
[EventType "team-swiss"]
[EventRounds "11"]
[EventCountry "YUG"]
[SourceTitle "CBM 048 Extra"]
[Source "ChessBase"]
[SourceDate "1995.11.01"]
[SourceVersion "1"]
[SourceVersionDate "1995.11.01"]
[SourceQuality "1"]

1. e4 g6 2. d4 Bg7 3. Nc3 d6 4. Be3 c6 5. Qd2 Nd7 6. f3 a6 7. Nge2 b5 8. g4 Bb7 9. Ng3 Qc7 10. Be2 e6 11. a4 b4 12. Nd1 a5 13. c4 c5 14. d5 Ne7 15. Rc1 0-0-0 1/2-1/2

[Event "YUG-chT"]
[Site "Tivat"]
[Date "1995.??.??"]
[Round "11"]
[White "Nikolic, Zivoslav"]
[Black "Micic, Cedomir"]
[Result "1/2-1/2"]
[WhiteElo "2465"]
[BlackElo "2350"]
[PlyCount "119"]
[EventDate "1995.??.??"]
[EventType "team-swiss"]
[EventRounds "11"]
[EventCountry "YUG"]
[SourceTitle "CBM 048 Extra"]
[Source "ChessBase"]
[SourceDate "1995.11.01"]
[SourceVersion "1"]
[SourceVersionDate "1995.11.01"]
[SourceQuality "1"]

1. d4 Nf6 2. Nf3 e6 3. Bg5 h6 4. Bxf6 Qxf6 5. e4 d6 6. Nc3 Nd7 7. Bd3 c6 8. 0-0 e5 9. d5 Be7 10. Nd2 0-0 11. Be2 Qg6 12. Nc4 Nf6 13. Bf3 b5 14. Na5 cxd5 15. Nc6 Bd8 16. Nxd5 Kh8 17. Nde7 Bxe7 18. Nxe7 Qg5 19. Qxd6 Bb7 20. Rfe1 Rfd8 21. Qc5 a6 22. g3 Nd7 23. Qa3 Nb6 24. Nf5 Nc4 25. Qb4 g6 26. Nh4 Rac8 27. b3 Nd2 28. c3 Rd3 29. Bg2 Rdxc3 30. Rad1 Rd3 31. Kh1 Rd4 32. Qa3 Rcd8 33. f3 Nc4 34. Qc1 Rxd1 35. Rxd1 Rxd1+ 36. Qxd1 Qd2 37. Qxd2 Nxd2 38. Kg1 b4 39. Kf2 Nb1 40. Ke3 Nc3 41. f4 exf4+ 42. gxf4 Nxa2 43. Nf3 Nc3 44. Ne5 Kg7 45. Nd3 a5 46. Nc5 Bc6 47. Bf1 Kf6 48. h4 Ke7 49. Kd4 f6 50. e5 fxe5+ 51. Kxe5 a4 52. bxa4 Nxa4 53. Nb3 Be8 54. Bd3 Nb2 55. Bc2 Nc4+ 56. Kd4 Na3 57. Bd3 Bf7 58. Nd2 b3 59. Kc3 Nc2 60. Nxb3 1/2-1/2

[Event "YUG-ch"]
[Site "Novi Sad"]
[Date "1995.??.??"]
[Round "?"]
[White "Nikolic, Zivoslav"]
[Black "Ristic, Nenad"]
[Result "1/2-1/2"]
[WhiteElo "2480"]
[BlackElo "2395"]
[PlyCount "21"]
[EventDate "1995.02.??"]
[EventType "tourn"]
[EventRounds "17"]
[EventCountry "YUG"]
[EventCategory "10"]
[SourceTitle "CBM 049"]
[Source "ChessBase"]
[SourceDate "1995.12.01"]
[SourceVersion "1"]
[SourceVersionDate "1995.12.01"]
[SourceQuality "1"]

1. g3 g6 2. Bg2 Bg7 3. e4 d6 4. Ne2 Nf6 5. 0-0 0-0 6. d4 c6 7. h3 e5 8. Nbc3 a5 9. Be3 Nbd7 10. Qd2 Re8 11. Rad1 1/2-1/2

[Event "YUG-chT"]
[Site "Tivat"]
[Date "1995.??.??"]
[Round "3"]
[White "Petronic, Jovan"]
[Black "Nikolic, Zivoslav"]
[Result "1-0"]
[WhiteElo "2460"]
[BlackElo "2465"]
[PlyCount "93"]
[EventDate "1995.??.??"]
[EventType "team-swiss"]
[EventRounds "11"]
[EventCountry "YUG"]
[SourceTitle "CBM 048 Extra"]
[Source "ChessBase"]
[SourceDate "1995.11.01"]
[SourceVersion "1"]
[SourceVersionDate "1995.11.01"]
[SourceQuality "1"]

1. d4 Nf6 2. c4 d6 3. Nf3 Bg4 4. Qb3 Bxf3 5. Qxf3 c6 6. Nc3 Nbd7 7. g4 h6 8. h4 g6 9. Bh3 Bg7 10. g5 hxg5 11. hxg5 Nh7 12. Be3 Nb6 13. b3 e6 14. Qg3 d5 15. c5 Nd7 16. Rc1 Nhf8 17. f4 b6 18. Na4 b5 19. Nc3 Qa5 20. 0-0 Rc8 21. Bf2 f5 22. Rfd1 Qc7 23. Bg2 Kf7 24. b4 a5 25. bxa5 Qxa5 26. Rc2 Ra8 27. Qd3 Nh7 28. e4 fxe4 29. Nxe4 Bf8 30. Nd2 Be7 31. Re1 Ndf8 32. Nf3 Qc7 33. Ne5+ Kg7 34. Bg3 Qc8 35. Ng4 Kf7 36. Rce2 Ra4 37. Ne5+ Kg7 38. Nxg6 Nxg6 39. Rxe6 Nhf8 40. Rxe7+ Nxe7 41. Rxe7+ Kg8 42. f5 Rh7 43. f6 Rf7 44. Qe2 Ra7 45. g6 Rfxe7 46. fxe7 Ne6 47. Bd6 1-0

[Event "YUG-ch"]
[Site "Tivat"]
[Date "1994.??.??"]
[Round "11"]
[White "Drasko, Milan"]
[Black "Nikolic, Zivoslav"]
[Result "1/2-1/2"]
[WhiteElo "2545"]
[BlackElo "2485"]
[PlyCount "43"]
[EventDate "1994.03.??"]
[EventType "tourn"]
[EventRounds "13"]
[EventCountry "YUG"]
[EventCategory "10"]
[SourceTitle "CBM 043"]
[Source "ChessBase"]
[SourceDate "1994.12.01"]
[SourceVersion "1"]
[SourceVersionDate "1994.12.01"]
[SourceQuality "1"]

1. d4 c5 2. d5 e5 3. e4 d6 4. Nc3 Be7 5. Nf3 Nf6 6. h3 0-0 7. Be3 Ne8 8. Qd2 Nd7 9. Be2 Nc7 10. 0-0 a6 11. a4 Rb8 12. a5 Nf6 13. Qc1 Nb5 14. Nxb5 axb5 15. Nd2 Ra8 16. b4 c4 17. Ra3 Bd7 18. Kh2 Ne8 19. Nb1 f5 20. exf5 Bxf5 21. Nc3 Qd7 22. Qd2 1/2-1/2

[Event "YUG-ch"]
[Site "Tivat"]
[Date "1994.??.??"]
[Round "4"]
[White "Ilincic, Zlatko"]
[Black "Nikolic, Zivoslav"]
[Result "1/2-1/2"]
[WhiteElo "2530"]
[BlackElo "2485"]
[PlyCount "23"]
[EventDate "1994.03.??"]
[EventType "tourn"]
[EventRounds "13"]
[EventCountry "YUG"]
[EventCategory "10"]
[SourceTitle "CBM 043"]
[Source "ChessBase"]
[SourceDate "1994.12.01"]
[SourceVersion "1"]
[SourceVersionDate "1994.12.01"]
[SourceQuality "1"]

1. Nf3 Nf6 2. g3 d5 3. Bg2 c6 4. 0-0 Bf5 5. d3 e6 6. Nbd2 Be7 7. Qe1 h6 8. e4 Bh7 9. b3 0-0 10. Bb2 a5 11. a3 Nbd7 12. Ne5 1/2-1/2

[Event "YUG-ch"]
[Site "Tivat"]
[Date "1994.??.??"]
[Round "6"]
[White "Nikolic, Zivoslav"]
[Black "Miladinovic, Igor"]
[Result "1-0"]
[WhiteElo "2485"]
[BlackElo "2480"]
[PlyCount "135"]
[EventDate "1994.03.??"]
[EventType "tourn"]
[EventRounds "13"]
[EventCountry "YUG"]
[EventCategory "10"]
[SourceTitle "CBM 043"]
[Source "ChessBase"]
[SourceDate "1994.12.01"]
[SourceVersion "1"]
[SourceVersionDate "1994.12.01"]
[SourceQuality "1"]

1. g3 d5 2. Bg2 Nf6 3. Nf3 c6 4. 0-0 Bg4 5. h3 Bh5 6. c4 e6 7. Qb3 Qb6 8. d3 Bxf3 9. Bxf3 Nbd7 10. Be3 Bc5 11. Bxc5 Nxc5 12. Qc2 d4 13. Nd2 a5 14. b3 0-0 15. a3 e5 16. Rab1 Qc7 17. Ra1 Qb6 18. Rab1 Rfe8 19. b4 axb4 20. axb4 Na4 21. c5 Qc7 22. Nc4 Nc3 23. Nd6 Red8 24. Ra1 g6 25. Qb2 Ne8 26. Ne4 Nxe4 27. Bxe4 Qe7 28. b5 Rxa1 29. Qxa1 cxb5 30. Qa7 Rd7 31. Rb1 f5 32. Bg2 e4 33. Rxb5 Nf6 34. Qa2+ Kg7 35. Qc4 h5 36. Rb6 Qf7 37. Qxf7+ Kxf7 38. c6 bxc6 39. Rxc6 Ke7 40. f3 exd3 41. exd3 Ra7 42. f4 Ra1+ 43. Kf2 Ra2+ 44. Kf3 Nd5 45. Bf1 Ra1 46. Kf2 Ra2+ 47. Ke1 Nc3 48. Rxg6 Ra1+ 49. Kf2 Nd1+ 50. Kf3 Ra2 51. Be2 Nc3 52. Bf1 Rh2 53. g4 Nd1 54. Bg2 fxg4+ 55. Kg3 Rxg2+ 56. Kxg2 gxh3+ 57. Kxh3 Nf2+ 58. Kg3 Nxd3 59. Kf3 Nb4 60. Rh6 d3 61. Rxh5 Ke6 62. Ke4 d2 63. Rh6+ Ke7 64. Rh1 Na2 65. Kd3 Nb4+ 66. Kxd2 Nd5 67. Rh4 Kf6 68. Ke2 1-0

[Event "YUG-chT Cup"]
[Site "Becici"]
[Date "1994.??.??"]
[Round "?"]
[White "Nikolic, Zivoslav"]
[Black "Tesic, Dragan"]
[Result "1/2-1/2"]
[WhiteElo "2485"]
[BlackElo "2305"]
[PlyCount "70"]
[EventDate "1994.??.??"]
[EventType "team"]
[EventRounds "6"]
[EventCountry "YUG"]
[SourceTitle "EXT 2000"]
[Source "ChessBase"]
[SourceDate "1999.11.16"]
[SourceVersion "1"]
[SourceVersionDate "1999.11.16"]
[SourceQuality "1"]

1. e4 c5 2. Nc3 Nc6 3. g3 g6 4. Bg2 Bg7 5. Nge2 d6 6. 0-0 e6 7. d3 Nge7 8. f4 0-0 9. Be3 b6 10. Qd2 d5 11. Bf2 dxe4 12. Bxe4 Bb7 13. Rae1 Qd7 14. Bg2 Rad8 15. Qc1 Rfe8 16. Ne4 Nd4 17. a3 f5 18. Nd2 Bxg2 19. Kxg2 Nec6 20. Nxd4 Nxd4 21. Bxd4 Qxd4 22. b3 Qd5+ 23. Nf3 e5 24. fxe5 Bxe5 25. Qd2 Bf6 26. Rxe8+ Rxe8 27. Re1 Rxe1 28. Qxe1 Kf7 29. Qe3 g5 30. c4 Qb7 31. Kg1 g4 32. Ng5+ Kg6 33. Ne6 Kf7 34. Ng5+ Kg6 35. Ne6 Kf7 1/2-1/2

[Event "YUG-chT Cup"]
[Site "Becici"]
[Date "1994.??.??"]
[Round "?"]
[White "Nikolic, Zivoslav"]
[Black "Todorovic, Goran M"]
[Result "1/2-1/2"]
[WhiteElo "2485"]
[BlackElo "2455"]
[PlyCount "34"]
[EventDate "1994.??.??"]
[EventType "team"]
[EventRounds "6"]
[EventCountry "YUG"]
[SourceTitle "EXT 2000"]
[Source "ChessBase"]
[SourceDate "1999.11.16"]
[SourceVersion "1"]
[SourceVersionDate "1999.11.16"]
[SourceQuality "1"]

1. Nf3 d5 2. g3 Nf6 3. Bg2 c6 4. 0-0 Bf5 5. d3 e6 6. Nh4 Bg4 7. h3 Bh5 8. g4 Nfd7 9. Nf3 Bg6 10. Nc3 Bd6 11. e4 0-0 12. Qe2 Qc7 13. Nh4 dxe4 14. Nxe4 Bxe4 15. Bxe4 Nc5 16. Bg2 Bh2+ 17. Kh1 Bf4 1/2-1/2

[Event "YUG-chT"]
[Site "Igalo"]
[Date "1994.??.??"]
[Round "4"]
[White "Pajkovic, Vladimir"]
[Black "Nikolic, Zivoslav"]
[Result "0-1"]
[WhiteElo "2420"]
[BlackElo "2485"]
[PlyCount "88"]
[EventDate "1994.??.??"]
[EventType "team"]
[EventRounds "9"]
[EventCountry "YUG"]
[SourceTitle "EXT 2002"]
[Source "ChessBase"]
[SourceDate "2001.11.25"]
[SourceVersion "1"]
[SourceVersionDate "2001.11.25"]
[SourceQuality "1"]

1. Nf3 g6 2. d4 Bg7 3. e4 d6 4. c4 Bg4 5. Be2 Nc6 6. Ng1 Bd7 7. d5 Nd4 8. Nc3 c5 9. Bd3 e5 10. dxe6 fxe6 11. Nge2 Ne7 12. Nxd4 cxd4 13. Nb5 Qb8 14. Bf4 e5 15. Bg5 a6 16. Na3 Nc6 17. Nc2 Nd8 18. Nb4 Ne6 19. Bc1 0-0 20. Nd5 Qd8 21. 0-0 Nc5 22. Bc2 a5 23. a4 Be6 24. Ra3 Rc8 25. Qe2 Bxd5 26. cxd5 Qc7 27. g3 Rf7 28. Bd2 Qd8 29. h4 h5 30. Kg2 Qb6 31. Rb1 Na6 32. Bd3 Nb4 33. Rb3 Rcf8 34. Be1 Bh6 35. Bc4 Qc5 36. Bb5 Nc2 37. f3 Ne3+ 38. Rxe3 Bxe3 39. b4 axb4 40. Bxb4 Qc7 41. Rf1 Rg7 42. Rh1 Rc8 43. Bd3 Qe7 44. a5 g5 0-1

[Event "YUG-chT"]
[Site "Igalo"]
[Date "1994.??.??"]
[Round "8"]
[White "Vujosevic, Vladimir"]
[Black "Nikolic, Zivoslav"]
[Result "1/2-1/2"]
[WhiteElo "2355"]
[BlackElo "2485"]
[PlyCount "86"]
[EventDate "1994.??.??"]
[EventType "team"]
[EventRounds "9"]
[EventCountry "YUG"]
[SourceTitle "EXT 2002"]
[Source "ChessBase"]
[SourceDate "2001.11.25"]
[SourceVersion "1"]
[SourceVersionDate "2001.11.25"]
[SourceQuality "1"]

1. e4 g6 2. d4 Bg7 3. Nc3 d6 4. Be3 c6 5. Qd2 a6 6. f4 Nf6 7. Nf3 b5 8. Bd3 Nbd7 9. h3 Nb6 10. 0-0 Nc4 11. Bxc4 bxc4 12. g4 d5 13. e5 Ne4 14. Nxe4 dxe4 15. Ng5 f5 16. exf6 exf6 17. Nxe4 f5 18. Nc3 fxg4 19. Qg2 Qd7 20. f5 0-0 21. hxg4 Bxd4 22. Bxd4 Qxd4+ 23. Kh1 gxf5 24. gxf5+ Kh8 25. Qh3 c5 26. Rad1 Qe5 27. Qf3 Rb8 28. Qf4 Qxf4 29. Rxf4 Bxf5 30. Rdf1 Rxb2 31. Rxf5 Rxf5 32. Rxf5 Rxc2 33. Rf3 Kg7 34. a4 h5 35. Ne4 Kg6 36. Rf6+ Kg7 37. Rc6 Ra2 38. Rxa6 Re2 39. Nxc5 c3 40. Rc6 c2 41. Nb3 Re1+ 42. Kg2 Rb1 43. Rxc2 Rxb3 1/2-1/2

[Event "YUG-Cup 36th"]
[Site "Becici"]
[Date "1993.05.23"]
[Round "6"]
[White "Kosanovic, Goran A"]
[Black "Nikolic, Zivoslav"]
[Result "0-1"]
[WhiteElo "2405"]
[BlackElo "2485"]
[PlyCount "56"]
[EventDate "1993.??.??"]
[EventType "team"]
[EventRounds "6"]
[EventCountry "YUG"]
[SourceTitle "EXT 2000"]
[Source "ChessBase"]
[SourceDate "1999.11.16"]
[SourceVersion "1"]
[SourceVersionDate "1999.11.16"]
[SourceQuality "1"]
[WhiteTeam "Jedinstvo"]
[BlackTeam "Gosa"]
[WhiteTeamCountry "YUG"]
[BlackTeamCountry "YUG"]

1. e4 e6 2. d4 d5 3. Nc3 Nc6 4. Nf3 Nf6 5. e5 Ne4 6. Bd3 Nxc3 7. bxc3 b6 8. 0-0 Na5 9. Nd2 c5 10. dxc5 Bxc5 11. Nb3 Be7 12. Qg4 Kf8 13. f4 Nc6 14. Nd4 Nxd4 15. cxd4 g6 16. Rb1 h5 17. Qf3 Qc7 18. Rb3 Kg7 19. Qg3 Bd7 20. f5 exf5 21. Bg5 Bxg5 22. Qxg5 Kf8 23. h3 h4 24. Qf6 Kg8 25. g4 hxg3 26. Bxf5 Bxf5 27. Rxf5 Rxh3 28. Rg5 Qxc2 0-1